Ozvena na viac podôb

Bibliographic Details
Main Author: Brenkus, Radovan, 1974- (Author)
Format: Article
Language:Slovak
ISSN:1210-2210
Subjects:

MARC

LEADER 00000nab a2200000 a 4500
001 vtls008960578
003 SK-MaSNL
005 20260304144659.0
008 250505c2006 xo mr|p|||||||000 b|slo
015 |a SNBRB2007/04  |2 snkbucl 
035 |a (uuid)2b201ec3-fd01-4162-b4bd-850c52dafe26 
035 |a urn:nbn:sk:snk-abc1kb 
035 |a (urnnbn)urn:nbn:sk:snk:ar-003yds 
038 |a SNKBUCL 
040 |a SNKBUCL  |b slo  |c SNKBUCL  |e AACR2 
041 0 |a slo 
044 |a xo  |c SK 
080 |a 82.09:821.162.4-1  |x (048)  |2 1997 
080 |a 821.162.4-1  |x (048)  |2 1997 
100 1 |a Brenkus, Radovan,  |d 1974-  |4 aut  |9 97498 
245 1 0 |a Ozvena na viac podôb  |c Radovan Brenkus 
650 0 7 |a slovenská poézia  |2 snkbucl  |9 215422 
655 7 |a recenzie  |2 snkbucl  |9 21907 
773 0 |t Dotyky  |g Roč. XVIII, č. 3-4 (2006), s. 139  |x 1210-2210 
787 0 8 |i Rec.:  |a Lukáčová, Ingrid, 1969-  |t Duo s ozvenou  |d Bratislava : Vydavateľstvo Spolku slovenských spisovateľov, 2006  |z 808061248X 
850 |a Slovenská národná knižnica 
852 |a Slovenská národná knižnica 
958 |a article15 
958 |a OND 
958 |a LX 
958 |a SK 
958 |a RC 
958 |a EUIPO 
999 |c 2932589  |d 2934519